Central Library OPAC University of Rajshahi

Development of induced breeding techniques for bagrid catfish in Bangladesh / (Record no. 85323)

MARC details
000 -LEADER
fixed length control field 00955nam a2200241 a 4500
001 - CONTROL NUMBER
RUCL Control Number 85323
003 - CONTROL NUMBER IDENTIFIER
rucl marc code BD-RjUL
005 - DATE AND TIME OF LATEST TRANSACTION
control field 20250728123844.0
008 - FIXED-LENGTH DATA ELEMENTS--GENERAL INFORMATION
fixed length control field 250724s2024 bg a|||| m||| 00| 0 eng d
035 ## - SYSTEM CONTROL NUMBER
system control number (BD-RjUL)85323
040 ## - CATALOGING SOURCE
Original cataloging agency BD-RjUL
Language of cataloging eng
Transcribing agency BD-RjUL
Modifying agency BD-RjUL
041 ## - LANGUAGE CODE
Language code of Book eng
082 ## - DEWEY DECIMAL CLASSIFICATION NUMBER
DDC Edition number 23
Classification number 597.49095492
Author mark and Year FAD 2024
100 ## - MAIN ENTRY--PERSONAL NAME
Personal name Fakhruddin. Md.
9 (RLIN) 16272
245 10 - TITLE STATEMENT
Title Development of induced breeding techniques for bagrid catfish in Bangladesh /
Statement of responsibility, etc Submitted By Md. Fakhruddin ;
Name of Supervisor/Co-Supervisor Supervisor : Saleha, Jasmine
260 ## - PUBLICATION, DISTRIBUTION, ETC. (IMPRINT)
Place of publication, distribution, etc Rajshahi :
Name of publisher, distributor, etc Department of Fisheries Faculty of Agriculture, University of Rajshahi,
Date of publication, distribution, etc 2024
300 ## - PHYSICAL DESCRIPTION
Pagination xiii, 121 leaves :
Other physical details ill, ;
Dimensions 29.cm.
502 ## - DISSERTATION NOTE
Dissertation note Thesis (Ph.D.) -- Department of Fisheries Faculty of Agriculture, University of Rajshahi, 2024
504 ## - BIBLIOGRAPHY, ETC. NOTE
Bibliography, etc References : Leaves 107 - 121
650 ## - SUBJECT ADDED ENTRY--TOPICAL TERM
Topical term or geographic name as entry element Catfishs
Form subdivision Bagrid
Geographic subdivision Bangladesh
9 (RLIN) 16273
700 ## - ADDED ENTRY--SUPERVISOR/CO-SUPERVISOR NAME
Personal name Jasmine, Saleha, Supervisor
9 (RLIN) 7831
942 ## - ADDED ENTRY ELEMENTS (KOHA)
Source of classification or shelving scheme Dewey Decimal Classification
Koha item type Theses
Holdings
Source of classification or shelving scheme Damaged status Not for loan Collection code Permanent Location Current Location Shelving location Date of accession Source of acquisition Full call number Barcode Date last seen Copy number Thesis
Dewey Decimal Classification   Not For Loan Theses Central Library, University of Rajshahi Central Library, University of Rajshahi Documentation Section 14/07/2025 Controller of Exam R. U. THE 597.49095492 FAD 2024 D5150 24/07/2025 C1 Theses